| 000 | 00000nam##2200000za#4500 |
| 001 | 9.695544 |
| 003 | CaOODSP |
| 005 | 20230202144025 |
| 007 | cr ||||||||||| |
| 008 | 150407|1994||||xxc|||||o f|0| 0 eng|d |
| 040 | |aCaOODSP|beng |
| 043 | |an-cn--- |
| 086 | 1 |aH72-21/114-1994E-PDF |
| 110 | 2 |aNational Clearinghouse on Family Violence (Canada). |
| 245 | 10|aOlder Canadians and the abuse of seniors : |h[electronic resource]|ba continuum from participation to empowerment / |cprepared for Family Violence Prevention Division, Health Canada ; prepared by the ARA Consulting Group Inc. |
| 260 | |aOttawa - Ontario : |bHealth Canada. |cc1994. |
| 500 | |aThe catalogue number (H72-21/114-1994E) and ISBN (0-662-22514-7) for the print edition have been incorrectly copied in this electronic publication. |
| 504 | |aBibliography. |
| 590 | |a12-08-Supp|b2012-03-16 |
| 690 | 07|aElder abuse|2gcpds |
| 775 | 08|tLes personnes âgées et la violence dont elles sont victimes : |w(CaOODSP)9.639674 |
| 776 | 0#|tOlder Canadians and the abuse of seniors: a continuum from participation to empowerment / |w(CaOODSP)9.645654 |
| 856 | 40|ahttp://publications.gc.ca|qPDF|s1.99 MB|uhttps://publications.gc.ca/collections/Collection/H72-21-114-1994E.pdf |